000 00322nam a2200133Ia 4500
008 100328s9999 xx 000 0 und d
082 _b51820
100 _aभावे पु.भा.
245 _aझुंबर
260 _bवसंत
630 _aझुंबर
730 _aझुंबर
942 _cBOOK
999 _c538730
_d538727